[Event "Titled Tuesday intern op 06th July"]
[Site "Chess.com INT"]
[Date "2021.07.06"]
[Round "7"]
[White "Sawlin, Leonid"]
[Black "Erdogdu, Mert"]
[Result "0-1"]
[WhiteElo "2385"]
[BlackElo "2396"]
[PlyCount "46"]
[EventDate "2021.07.06"]
[EventType "swiss (blitz)"]
[EventRounds "11"]
[EventCountry "USA"]
[SourceTitle "EXT 2022"]
[Source "ChessBase"]
[SourceDate "2021.10.06"]
[SourceVersion "1"]
[SourceVersionDate "2021.10.06"]
[SourceQuality "1"]

1. e4 c5 2. Nf3 d6 3. d4 cxd4 4. Nxd4 Nf6 5. Nc3 a6 6. Bg5 e6 7. f4 Qb6 8. Qd2 Nc6 9. Nxc6 bxc6 10. b3 d5 11. Bxf6 gxf6 12. exd5 cxd5 13. Na4 Qb8 14. Bd3 f5 15. 0-0-0 Bd7 16. Nb2 Bg7 17. Kb1 a5 18. h3 a4 19. g4 axb3 20. cxb3 Qa7 21. a4 Rb8 22. Bc2 Bxa4 23. Nxa4 Qxa4 0-1

[Event "Titled Tuesday intern op 06th July"]
[Site "Chess.com INT"]
[Date "2021.07.06"]
[Round "3"]
[White "Sawlin, Leonid"]
[Black "Kukhmazov, Arsen"]
[Result "0-1"]
[WhiteElo "2385"]
[BlackElo "2466"]
[PlyCount "56"]
[EventDate "2021.07.06"]
[EventType "swiss (blitz)"]
[EventRounds "11"]
[EventCountry "USA"]
[SourceTitle "EXT 2022"]
[Source "ChessBase"]
[SourceDate "2021.10.06"]
[SourceVersion "1"]
[SourceVersionDate "2021.10.06"]
[SourceQuality "1"]

1. e4 c6 2. d4 d5 3. e5 Bf5 4. Nf3 e6 5. Be2 Nd7 6. 0-0 f6 7. exf6 Ngxf6 8. Re1 Bd6 9. Bd3 0-0 10. Bxf5 exf5 11. h3 Ne4 12. Nbd2 Qc7 13. Nf1 Rae8 14. a3 b5 15. N3d2 a5 16. f3 Nef6 17. c3 a4 18. Ne3 Bh2+ 19. Kh1 Bg3 20. Re2 f4 21. Nf5 Rxe2 22. Qxe2 Re8 23. Qd3 Re1+ 24. Nf1 Ne4 25. fxe4 dxe4 26. Bxf4 exd3 27. N5xg3 Rxa1 28. Bxc7 d2 0-1